Inteligencia stvorená človekom : Človek a umelá inteligencia včera, dnes, ... zajtra? /

Uložené v:
Podrobná bibliografia
Hlavný autor: Sekaj, Ivan, 1960- (Autor)
Ďalší autori: Farkaš, Igor (Recenzent), Jagla, Fedor (Recenzent)
Médium: Kniha
Jazyk:Slovak
Vydavateľské údaje: Bratislava : FELIA, 2021
Vydanie:1. vyd.
Tagy: Pridať tag
Žiadne tagy, Buďte prvý, kto otaguje tento záznam!

MARC

LEADER 00000nam a22000003a 4500
001 0093168
003 SK-STU
005 20251218092813.6
007 ta
008 220113s ----xo-----e------000-0-----d
020 |a 978-80-89824-12-0 
035 |a biblio/457087  |2 CREPC2 
040 |a STU  |b slo 
041 0 |a slo 
044 |a xo 
080 |a 681.52 
100 1 |a Sekaj, Ivan,  |d 1960-  |u 031000  |4 aut  |9 100  |r Z1  |U FEI Fakulta elektrotechniky a informatiky  |T FEI Ústav robotiky a kybernetiky  |X 4946  |U E011  |Y 356  |7 A000004946 
242 0 1 |a Intelligence created by man :  |b Man and artificial intelligence yesterday, today, ... tomorrow?  |y eng 
245 1 0 |a Inteligencia stvorená človekom :  |b Človek a umelá inteligencia včera, dnes, ... zajtra? /  |c aut. Ivan Sekaj ; rec. Igor Farkaš, Fedor Jagla 
250 |a 1. vyd. 
260 |a Bratislava :  |b FELIA,  |c 2021 
300 |a 84 s. 
700 1 |a Farkaš, Igor  |r Z5  |4 rev 
700 1 |a Jagla, Fedor  |4 rev 
996 |b 284EK90286  |c E* 90286  |l EE01  |s A  |a 24  |w 0093168_0001